Governance Procedures and Processes (Record no. 121296)

MARC details
000 -LEADER
fixed length control field 00679cam a22001575a 4500
001 - CONTROL NUMBER
control field 121296
008 - FIXED-LENGTH DATA ELEMENTS--GENERAL INFORMATION
fixed length control field 221229s2020 xxk fo 001 0 eng d
041 0# - LANGUAGE CODE
Language code of text/sound track or separate title eng
110 2# - MAIN ENTRY--CORPORATE NAME
Corporate author Royal Institution of Chartered Surveyors
245 00 - TITLE STATEMENT
Title Governance Procedures and Processes
Subtitle (made as Standing Orders) as approved by Governing Council
Medium [old edition]
260 ## - PUBLICATION INFORMATION
Place of publication London,
Publisher RICS,
Date October 2021
300 ## - PHYSICAL DESCRIPTION
Physical description 11p
651 #4 - SUBJECT ADDED ENTRY--GEOGRAPHIC NAME
Geographic name International
856 41 - ONLINE RESOURCE
Uniform Resource Identifier <a href="https://www.rics.org/contentassets/d36c69382bb94d3aa3ebc9ac96bf4333/rics-governance-procedures-and-processes-standing-orders---january-2022-v2.pdf">https://www.rics.org/contentassets/d36c69382bb94d3aa3ebc9ac96bf4333/rics-governance-procedures-and-processes-standing-orders---january-2022-v2.pdf</a>
Public note Archived, please contact [email protected] to request a copy
942 ## - ADDED ENTRY ELEMENTS (KOHA)
Suppress in OPAC Do not suppress in OPAC
Holdings
Lost status Damaged status Not for loan Home library Current library Shelving location Date acquired Total Checkouts Date last seen Price effective from Koha item type
      Virtual Virtual Online 29/12/2022   29/12/2022 29/12/2022 Online material